000 00433nam a2200169Ia 4500
001 31823
003 IN-NITTTR
005 20251114233425.0
008 251113s9999||||xx |||||||||||||| ||eng||
040 _beng
040 _cIN-NITTTR
041 _aeng
082 _a616.07 J25M
100 _aJan, Jiri
245 0 _aMedical image processing, reconstruction and restoration :
_b concepts and methods /
_cJan, Jiri
942 _2ddc
_cBK
999 _c34453
_d34453